| 000 | 01221cam a22001934a 4500 | ||
|---|---|---|---|
| 005 | 20250605164236.0 | ||
| 008 | 250528s ||||||||||||||||||||||||d | ||
| 035 | _a21141 | ||
| 020 | _a9789602660805 | ||
| 040 |
_aGR-AtMCL _bgre _dGR-AtMCL _eAACR2 |
||
| 245 | 1 |
_aΤεχνική Μηχανική / Αντοχή των Υλικών. _nΤόμος ΙΙ |
|
| 260 |
_bΣυμμετρία, _c1998 |
||
| 300 | _a412 | ||
| 520 | _aΕισαγωγή, Εφελκυσμός - Θλίψη, Ανάλυση της Έντασης, Κάμψη, Διάτμηση, Στρέψη, Σύνθετη Κάμψη - Έκκεντρη Φόρτιση, Έργο Παραμόρφωσης, Ελαστική Γραμμή, Υπερστατικά Συστήματα, Θερμική Ένταση, Λυγισμός, Αντοχή σε Σύνθετη Ένταση, Σύνθετες Καταπονήσεις, Κελυφωτοί Φορείς, Σύνθετες Δοκοί, Καμπύλες Δοκοί, Κόπωση, Συνθήκες Ελαστικότητας, Προβλήματα Ελαστικότητας, Γενικές Εφαρμογές. | ||
| 700 | 1 |
_aΜαρκέτος Ευάγγελος Γ _97174 |
|
| 942 | _cBK | ||
| 999 |
_c6209 _d6209 |
||